Szellemi tapogatózás? Néhány gondolat a 23. Fábry Zoltán Irodalmi és Kulturális Napok kapcsán

Bibliographic Details
Main Author: Kövesdi, Károly, 1953- (Author)
Format: Article
Language:Hungarian
Subjects:

MARC

LEADER 00000nab a2200000 a 4500
001 vtls000501667
003 SK-MaSNL
005 20260318114839.0
008 160202c1993 xo 0 hun
015 |a SNBRB19rr/mm-uuuuu 
035 |a CL0501805 
040 |a SNKBUCL  |b slo  |c SNKBUCL  |e AACR2 
041 0 |a hun 
044 |a xo  |c SK 
080 |a 82:061.7(437.6=945.11)  |2 1981 
080 |a 008(437.6=945.11)  |2 1981 
100 1 |a Kövesdi, Károly,  |d 1953-  |4 aut  |9 264403 
245 1 0 |a Szellemi tapogatózás?  |b Néhány gondolat a 23. Fábry Zoltán Irodalmi és Kulturális Napok kapcsán  |c Károly Kövesdi 
650 0 7 |a Literárne a kultúrne dni Zoltána Fábryho 1993, Košice  |2 snkbucl  |9 980820 
651 7 |a 5403  |2 snkbucl  |9 893808 
655 7 |a články z novín a časopisov  |2 snkbucl  |9 267496 
655 7 |a články z odboru literárna veda a krásna literatúra  |2 snkbucl  |9 770045 
773 0 |t Új szó  |g Roč. 46, č. 263 (11. 11. 1993), s. 4 
850 |a Slovenská národná knižnica v Martine  |a DSG001 
852 |a SNK  |b KIS3GCP 
958 |a RK 
958 |a HU 
958 |a LX 
992 |a RBX 
999 |c 3293142  |d 3295072